000 00276nam a22001337a 4500
020 _a978-1-59566-305-4
082 _a823
_bMOR/W
100 _aMORGAN, SALLY
245 _aWHALES
260 _aUD
_bQEB PUBLISHING
300 _a31
650 _aENGLISH SHORT STORY
942 _cBK
999 _c3389
_d3389